LDR 00753naa#a2200181#i#450# 001 RU\\bibl\121784 005 20260430050645.4 011 ## _a2072-9502 100 ## _a20260427b2026####ek#y0rusy0150####ca 102 ## _aRU 200 1# _aПроактивное управление рисками ИИ _eЖурнальная статья 210 1# _aАстрахань _cАстраханский государственный технический университет _d2026 215 ## _a8 с. 608 ## _aЖурнальная статья _2local 675 ## _aЗащита данных. 004.056.5 _z 700 #1 _aАменицкий _gАлексей Владимирович 700 #1 _aВоробьев _gЕвгений Германович 856 4# _avestnik.astu.org _u